| 000 | 00854nam a2200205 a 4500 | ||
|---|---|---|---|
| 003 | 0 | ||
| 005 | 20250326105751.0 | ||
| 008 | 050809s19uu xx 00 eng d | ||
| 050 |
_aPGS LB 1062.6.C66 _b.En56 2005 |
||
| 100 | _aEnciso, Vernica B. | ||
| 245 |
_aA comparative study on the effects of residential proximity to the academic performance of SISC students / _cVernica B. Enciso. |
||
| 260 |
_aLas PiƱas City, Philippines : _bSouthville International School and Colleges, _c2025. |
||
| 300 |
_a28 pages : _billustrations ; _c28 cm. |
||
| 504 | _aIncludes bibliographical references. | ||
| 650 |
_aAcademic achievement _vEnvironmental factors. |
||
| 650 |
_a Student performance _vResidential proximity. |
||
| 650 |
_aCommuting distance _vAcademic performance. |
||
| 650 |
_aSchool location _vImpact on students. |
||
| 942 |
_2lcc _cPASS |
||
| 999 |
_c97358 _d97358 |
||